Concrete Construction: Practical Problems and Solutions / (Record no. 7943)
[ view plain ]
| 000 -LEADER | |
|---|---|
| fixed length control field | 00477nam a2200181 4500 |
| 003 - CONTROL NUMBER IDENTIFIER | |
| control field | n |
| 005 - DATE AND TIME OF LATEST TRANSACTION | |
| control field | 20250929130621.0 |
| 008 - FIXED-LENGTH DATA ELEMENTS--GENERAL INFORMATION | |
| fixed length control field | n |
| 020 ## - INTERNATIONAL STANDARD BOOK NUMBER | |
| International Standard Book Number | 9783030105099 |
| 040 ## - CATALOGING SOURCE | |
| Transcribing agency | n |
| 082 ## - DEWEY DECIMAL CLASSIFICATION NUMBER | |
| Classification number | 624.152 S975 2019 |
| 100 ## - MAIN ENTRY--PERSONAL NAME | |
| Personal name | Surahyo, Akhta |
| 245 ## - TITLE STATEMENT | |
| Title | Concrete Construction: Practical Problems and Solutions / |
| Statement of responsibility, etc. | Akhtar Surahyo |
| 260 ## - PUBLICATION, DISTRIBUTION, ETC. | |
| Name of publisher, distributor, etc. | Springer Switzerland AG 2019. |
| 300 ## - PHYSICAL DESCRIPTION | |
| Extent | 320 pages, 24 cm. |
| 650 ## - SUBJECT ADDED ENTRY--TOPICAL TERM | |
| Topical term or geographic name entry element | Concrete in building & construction. |
| 942 ## - ADDED ENTRY ELEMENTS (KOHA) | |
| Source of classification or shelving scheme | Dewey Decimal Classification |
| Koha item type | English Book |
| Suppress in OPAC | No |
| Withdrawn status | Lost status | Source of classification or shelving scheme | Damaged status | Not for loan | Home library | Current library | Date acquired | Total Checkouts | Full call number | Barcode | Date last seen | Price effective from | Koha item type |
|---|---|---|---|---|---|---|---|---|---|---|---|---|---|
| Dewey Decimal Classification | CENTRAL | CENTRAL | 10/01/2025 | 624.152 S975 2019 | 1000000020304 | 10/01/2025 | 10/01/2025 | English Book |
